|
|
|
|
| LEADER |
00000nab a2200000 a 4500 |
| 001 |
vtls000175902 |
| 003 |
SK-MaSNL |
| 005 |
20260304133437.0 |
| 008 |
250422c1984 xo 0 slo |
| 015 |
|
|
|a SNBRB19rr/mm-uuuuu
|
| 035 |
|
|
|a CL0186015
|
| 035 |
|
|
|a urn:nbn:sk:snk-abczxp
|
| 035 |
|
|
|a (urnnbn)urn:nbn:sk:snk:ar-007cy2
|
| 035 |
|
|
|a (uuid)c06feea2-67db-4d02-b919-c72b1eee2b5f
|
| 040 |
|
|
|a SNKBUCL
|b slo
|c SNKBUCL
|e AACR2
|
| 041 |
0 |
|
|a slo
|
| 044 |
|
|
|a xo
|c SK
|
| 080 |
|
|
|a 372.879.6+372.835.5
|2 1981
|
| 080 |
|
|
|a 372.835.5
|2 1981
|
| 100 |
1 |
|
|a Dubcová, Anna
|4 aut
|9 1450443
|
| 245 |
1 |
0 |
|a Rozvoj telesnej a brannej výchovy
|c Anna Dubcová
|
| 650 |
0 |
7 |
|a telesná výchova
|2 snkbucl
|9 708
|
| 650 |
0 |
7 |
|a výchova branná
|2 snkbucl
|9 760733
|
| 655 |
|
7 |
|a články z novín a časopisov
|2 snkbucl
|9 267496
|
| 773 |
0 |
|
|t Vychovávateľ
|g Roč. 28, č. 5 (1984), s. 22-23
|
| 850 |
|
|
|a Slovenská národná knižnica
|
| 852 |
|
|
|a Slovenská národná knižnica
|
| 954 |
|
|
|a odborná, vedecká literatúra pôvodná (slovenská)
|2 lita
|
| 958 |
|
|
|a article17
|
| 958 |
|
|
|a RK
|
| 958 |
|
|
|a OND
|
| 958 |
|
|
|a EUIPO
|
| 992 |
|
|
|a RBX
|
| 999 |
|
|
|c 2901621
|d 2903551
|